| 000 | 00586nam a2200217Ia 4500 | ||
|---|---|---|---|
| 003 | OSt | ||
| 005 | 20220926014123.0 | ||
| 006 | a|||||r|||| 00| 0 | ||
| 007 | ta | ||
| 008 | 220923b |||||||| |||| 00| 0 eng d | ||
| 037 | _cGeneral Book | ||
| 040 |
_aRTL _cRTL _beng |
||
| 041 |
_2eng _aeng |
||
| 082 | _aX:27.5.N55t4, K1 | ||
| 100 | _aDEWHURST J F | ||
| 245 | 0 | _aEurope`s needs and resources | |
| 260 |
_aNew York _bMacmillan & co. Ltd. _c1961 |
||
| 300 |
_a1198p _ccm. |
||
| 942 |
_hX:27.5.N55t4, K1 _cGB _2CC |
||
| 999 |
_c627903 _d627903 |
||